000 00371nam a2200181Ia 4500
001 4932
005 20260306145831.0
008 260306t2003||||xx |||||||||||||| ||spa||
041 _aESP
082 _a332
_bB68
100 _aBodie, Zvi
_eAUT
245 0 _aFinanzas
260 _c2003
300 _a
_c
650 _aGEN
654 _aCAN
942 _cLIB
_dJUS
_fJUS
_2ddc
_n
999 _c4932
_d4932